000
00331nam a22001451a 4500
082
_a
M3
_b
RAV/S
100
_a
Ravi
245
_a
Sthalajalabhramam/
_c
by Ravi
260
_a
Thirunavaya:
_b
Tao Books,
_c
2002.
300
_a
231p.
650
_a
Novel Malayalam
650
_a
Literature Malayalam
650
_a
Literature
942
_c
BK
999
_c
44167
_d
44167